النشرة السنوية لاحصاءات الاتصالات السلكية و اللاسلكية عام 2015/2016.
يصدر الجهاز المركزي للتعبئة العامة والإحصاء النشرة السنوية لإحصاءات الاتصالات السلكية واللاسلكية عام 2013/2014 والتي تتضمن بيانات عن عدد السنترالات وحمولتها والمكالمات والخواص والبرقيات الخارجية والمحلية ومكاتب التليفون والتلغراف والإيرادات والمصروفات والعمالة وتكلفتها والأعطال طبقا للمناطق والمحافظ...
| 企业作者: | |
|---|---|
| 格式: | 序列 |
| 语言: | 阿拉伯语 |
| 出版: |
القاهرة :
الجهاز المركزى للتعبئة العامة والإحصاء.
|
| 主题: | |
| 标签: |
添加标签
没有标签, 成为第一个标记此记录!
|
MARC
| LEADER | 00000nas a2200000 a 4500 | ||
|---|---|---|---|
| 003 | INP | ||
| 005 | 20180628132220.0 | ||
| 008 | 110706c 9999ua ar s o0 f0ara d | ||
| 952 | |0 0 |1 0 |4 0 |6 380_340000000000000_ن_ش_20152016 |7 0 |8 نشرات التع |9 440 |a INP |b INP |c JOUR |d 2018-03-04 |l 0 |o 380.34 ن ش 2015-2016 |p 000106 |r 2022-03-28 00:00:00 |w 2018-03-04 |y PUB |0 0 |0 0 | ||
| 999 | |c 5999 |d 5999 | ||
| 040 | |a EG-INP |c EG-INP |b ara | ||
| 082 | 0 | 4 | |a 380.34 |b ن ش 2015-2016 |2 21 |
| 245 | 0 | 2 | |a النشرة السنوية لاحصاءات الاتصالات السلكية و اللاسلكية عام 2015/2016. |
| 260 | |a القاهرة : |b الجهاز المركزى للتعبئة العامة والإحصاء. | ||
| 300 | |a مج. : |b ايض. ؛ |c 29 سم | ||
| 310 | |a سنوى | ||
| 500 | |a "2016 - مرجع رقم 71 -21321." | ||
| 500 | |a إصدار يونيه 2017. | ||
| 500 | |a بني الوصف على 2015 / 2016 | ||
| 520 | |a يصدر الجهاز المركزي للتعبئة العامة والإحصاء النشرة السنوية لإحصاءات الاتصالات السلكية واللاسلكية عام 2013/2014 والتي تتضمن بيانات عن عدد السنترالات وحمولتها والمكالمات والخواص والبرقيات الخارجية والمحلية ومكاتب التليفون والتلغراف والإيرادات والمصروفات والعمالة وتكلفتها والأعطال طبقا للمناطق والمحافظات بالإضافة إلى بيانات عن خدمات التليفون المحمول والإنترنت. | ||
| 650 | 7 | |a الاتصالات السلكية و اللاسلكية |v احصائيات |v دوريات. |2 qrmak | |
| 650 | 7 | |a الاتصالات |v دوريات. |2 qrmak | |
| 650 | 7 | |a الاتصالات عبر الأقمار الصناعية |v دوريات |2 qrmak | |
| 710 | 2 | |a الجهاز المركزي للتعبئة العامة والإحصاء. | |
| 901 | |a EGPV1 | ||
| 902 | |a EGPV3 | ||
| 903 | |a original | ||
| 942 | |c PUB |2 ddc | ||